[Event "XXXI Festival Conca della Presolana A"]
[Site "Bratto - Castione della Presolana ITA"]
[Date "2011.08.24"]
[Round "5"]
[White "Sala, Giovanni"]
[Black "Negro, Roberto"]
[Result "0-1"]
[WhiteElo "1967"]
[BlackElo "2170"]
[PlyCount "80"]
[EventDate "2011.08.20"]

1. c4 Nf6 2. g3 e6 3. Bg2 d5 4. Nf3 c6 5. b3 Bd6 6. Bb2 O-O 7. O-O Qe7 8. d4
Ne4 9. Nbd2 f5 10. Ne5 Nd7 11. Ndf3 Ndf6 12. Nd3 Bd7 13. Nfe5 Be8 14. f3 Ng5
15. e3 Nd7 16. Rc1 Rd8 17. Qe2 Bg6 18. Nf4 Be8 19. Nfd3 Nf7 20. Nxd7 Bxd7 21.
e4 fxe4 22. fxe4 dxc4 23. bxc4 Ba3 24. e5 Nh6 25. Rxf8+ Rxf8 26. Be4 Be8 27.
Rf1 Rxf1+ 28. Kxf1 Bxb2 29. Qxb2 Bg6 30. Bxg6 hxg6 31. Nc5 Qg5 32. Nxe6 Qf5+
33. Nf4 g5 34. Qxb7 gxf4 35. gxf4 Qxf4+ 36. Kg2 Nf5 37. Qc8+ Kh7 38. d5 Ne3+
39. Kh3 Qf3+ 40. Kh4 Ng2+ 0-1

[Event "XXXI Festival Conca della Presolana A"]
[Site "Bratto - Castione della Presolana ITA"]
[Date "2011.08.24"]
[Round "5"]
[White "Salmoiraghi, Angelo"]
[Black "Iasman, Inna"]
[Result "1/2-1/2"]
[WhiteElo "2152"]
[BlackElo "2014"]
[PlyCount "102"]
[EventDate "2011.08.20"]

1. d4 d5 2. c4 c6 3. Nf3 Nf6 4. Qc2 e6 5. g3 Bd6 6. Nbd2 Nbd7 7. Bg2 O-O 8. O-O
Re8 9. a3 e5 10. cxd5 cxd5 11. dxe5 Nxe5 12. Nxe5 Bxe5 13. Nf3 Bd6 14. b4 Qe7
15. e3 Qe4 16. Qd2 Bg4 17. Nd4 Qe5 18. Bb2 Qh5 19. f3 Bh3 20. Rae1 Bxg2 21.
Qxg2 a6 22. g4 Qg5 23. Nf5 Bc7 24. Bd4 h5 25. h3 hxg4 26. hxg4 Re6 27. Rc1 Bb6
28. Bxb6 Rxb6 29. Rc7 Rd8 30. Qg3 Ne8 31. Rc5 g6 32. f4 Qf6 33. Nd4 Qe7 34. Rf2
Nf6 35. Rh2 Ne4 36. Qh3 Qf6 37. Qh7+ Kf8 38. Qh8+ Qxh8 39. Rxh8+ Ke7 40. Rxd8
Kxd8 41. Rxd5+ Rd6 42. Rxd6+ Nxd6 43. Kf1 Nc4 44. Nc2 Kd7 45. Ke2 Kd6 46. Kd3
b5 47. e4 g5 48. e5+ Ke6 49. Nd4+ Kd5 50. fxg5 Nxe5+ 51. Ke3 Nxg4+ 1/2-1/2

[Event "XXXI Festival Conca della Presolana A"]
[Site "Bratto - Castione della Presolana ITA"]
[Date "2011.08.24"]
[Round "5"]
[White "Smith, Bryan G."]
[Black "Narayanan, Srinath"]
[Result "0-1"]
[WhiteElo "2503"]
[BlackElo "2371"]
[PlyCount "52"]
[EventDate "2011.08.20"]

1. e4 c5 2. Nf3 d6 3. d4 cxd4 4. Qxd4 a6 5. c4 Nc6 6. Qe3 g6 7. h3 Bg7 8. Be2
Nf6 9. O-O O-O 10. Rd1 Nd7 11. Nc3 Nc5 12. Bd2 f5 13. exf5 Bxf5 14. Rac1 a5 15.
Be1 a4 16. Rd2 Qd7 17. Nd5 Qe6 18. Qxe6+ Nxe6 19. Nh4 Bh6 20. Ne3 Be4 21. Rc3
Ncd4 22. Bg4 Bg5 23. f3 Bc6 24. Bf2 Nf4 25. Kf1 e5 26. Bg3 Kg7 0-1

[Event "XXXI Festival Conca della Presolana A"]
[Site "Bratto - Castione della Presolana ITA"]
[Date "2011.08.24"]
[Round "5"]
[White "Stoppa, Omar"]
[Black "Pesce, Gabriele"]
[Result "1/2-1/2"]
[WhiteElo "2286"]
[BlackElo "2177"]
[PlyCount "148"]
[EventDate "2011.08.20"]

1. e4 c5 2. Nf3 Nc6 3. d4 cxd4 4. c3 dxc3 5. Nxc3 e6 6. Bc4 Qc7 7. Qe2 Nf6 8.
h3 d6 9. O-O Be7 10. a3 O-O 11. Rd1 a6 12. Ba2 Bd7 13. Bf4 Ne5 14. Rac1 Qa5 15.
Nd4 Ng6 16. Bh2 Rac8 17. f4 e5 18. fxe5 dxe5 19. Nf5 Qb6+ 20. Kh1 Bc5 21. Rf1
Be6 22. Na4 Qb5 23. Qxb5 axb5 24. Bxe6 bxa4 25. Bxc8 Rxc8 26. Nd6 Rc7 27. Nxb7
Rxb7 28. Rxc5 Nxe4 29. Rc8+ Nf8 30. Bxe5 Rb5 31. Bf4 g5 32. Rc4 f5 33. Bxg5
Ng3+ 34. Kg1 Nxf1 35. Kxf1 Rxb2 36. Rxa4 Ne6 37. Be3 Kf7 38. Ra7+ Kf6 39. a4
Rb1+ 40. Ke2 f4 41. Bd2 Rb3 42. Rd7 Ke5 43. Kf1 Rb1+ 44. Kf2 Nc5 45. Rxh7 Ne4+
46. Ke2 Rb2 47. Rd7 Ra2 48. a5 Nxd2 49. Rxd2 Rxa5 50. Rd8 Kf5 51. Rg8 Ra3 52.
Kf2 Ra1 53. Re8 Rb1 54. Re1 Rb2+ 55. Re2 Rb1 56. Ra2 Rh1 57. Ra5+ Ke4 58. Ra8
Rb1 59. Rf8 Ra1 60. Rh8 Kf5 61. Rh5+ Ke4 62. Rb5 Rh1 63. Ke2 Rg1 64. Rb4+ Kf5
65. Kf2 Rh1 66. Rb5+ Ke4 67. Rh5 Ra1 68. h4 Ra2+ 69. Kf1 Ra1+ 70. Kf2 Ra2+ 71.
Kg1 f3 72. gxf3+ Kxf3 73. Rg5 Ra4 74. h5 Rh4 1/2-1/2

[Event "XXXI Festival Conca della Presolana A"]
[Site "Bratto - Castione della Presolana ITA"]
[Date "2011.08.24"]
[Round "5"]
[White "Vezzani, Stefano"]
[Black "Radice, Luca"]
[Result "1-0"]
[WhiteElo "2183"]
[BlackElo "2021"]
[PlyCount "75"]
[EventDate "2011.08.20"]

1. e4 e6 2. Qe2 Be7 3. Nf3 d5 4. d3 c5 5. g3 Nf6 6. Bg2 Nc6 7. O-O O-O 8. e5
Nd7 9. h4 b5 10. c3 a5 11. Bf4 a4 12. Nbd2 b4 13. c4 Nb6 14. Bh3 Ba6 15. Rac1
dxc4 16. Nxc4 Bxc4 17. dxc4 Ra7 18. Rfd1 Rd7 19. Bg2 Nd4 20. Nxd4 Rxd4 21. Be3
Rxd1+ 22. Rxd1 Qc7 23. f4 f6 24. exf6 Bxf6 25. b3 e5 26. f5 e4 27. Qg4 Re8 28.
Kh2 axb3 29. axb3 Qe5 30. Bf4 Qb2 31. Rd6 Nxc4 32. bxc4 e3 33. Qh5 Rf8 34. Bxe3
Qc3 35. Bf4 b3 36. Bd5+ Kh8 37. Re6 Bd8 38. Re8 1-0

[Event "XXXI Festival Conca della Presolana A"]
[Site "Bratto - Castione della Presolana ITA"]
[Date "2011.08.25"]
[Round "6"]
[White "Altini, Nicola"]
[Black "Cani, Gazmir"]
[Result "1-0"]
[WhiteElo "2267"]
[BlackElo "2114"]
[PlyCount "81"]
[EventDate "2011.08.20"]

1. Nf3 Nf6 2. c4 g6 3. Nc3 d5 4. cxd5 Nxd5 5. g3 Bg7 6. Bg2 O-O 7. O-O Nc6 8.
d4 Nb6 9. d5 Na5 10. e4 c6 11. Nd4 cxd5 12. exd5 Nac4 13. b3 Nd6 14. Be3 Bd7
15. Rc1 Rc8 16. Qd2 Re8 17. Rfe1 Nf5 18. Nxf5 Bxf5 19. Nb5 a6 20. Nd4 Bd7 21.
Qb4 Rxc1 22. Rxc1 Bc8 23. Nc6 bxc6 24. Bxb6 Qd7 25. dxc6 Qd3 26. Qc4 Qd2 27.
Qc2 Qd6 28. Bc5 Qc7 29. b4 e5 30. a4 Bh6 31. Be3 Bxe3 32. fxe3 e4 33. b5 h5 34.
Qb2 axb5 35. axb5 Qb6 36. Re1 h4 37. gxh4 Bg4 38. Bf1 Qd8 39. Qc3 Re5 40. Ra1
Qe8 41. c7 1-0

[Event "XXXI Festival Conca della Presolana A"]
[Site "Bratto - Castione della Presolana ITA"]
[Date "2011.08.25"]
[Round "6"]
[White "Angelini, Marco"]
[Black "Pantaleoni, Claudio"]
[Result "0-1"]
[WhiteElo "2185"]
[BlackElo "2166"]
[PlyCount "42"]
[EventDate "2011.08.20"]

1. e4 c5 2. Nf3 e6 3. d4 cxd4 4. Nxd4 a6 5. Nc3 Qc7 6. g3 Bb4 7. Nde2 Nf6 8.
Bg2 Be7 9. O-O d6 10. a4 Nc6 11. h3 b6 12. Be3 Bb7 13. f4 O-O 14. g4 Nb4 15.
Rc1 d5 16. e5 Ne4 17. Nxe4 dxe4 18. Ng3 Bc5 19. Qe2 Nd5 20. Bxc5 Qxc5+ 21. Rf2
Nxf4 0-1

[Event "XXXI Festival Conca della Presolana A"]
[Site "Bratto - Castione della Presolana ITA"]
[Date "2011.08.25"]
[Round "6"]
[White "Attuati, Stefano"]
[Black "Bemporad, Filippo"]
[Result "1-0"]
[WhiteElo "1963"]
[BlackElo "2068"]
[PlyCount "81"]
[EventDate "2011.08.20"]

1. e4 c5 2. Nf3 d6 3. d4 cxd4 4. Nxd4 Nf6 5. Nc3 e6 6. Bc4 Be7 7. Bb3 Na6 8. f4
O-O 9. O-O Nc5 10. Qf3 a6 11. Be3 Qc7 12. g4 b5 13. g5 Nfxe4 14. Nxe4 Bb7 15.
Nxe6 Nxe6 16. Rad1 Bxe4 17. Qxe4 Nc5 18. Bxf7+ Kh8 19. Qf3 Rac8 20. g6 Bf6 21.
f5 Rxf7 22. Qh5 h6 23. gxf7 Rf8 24. Bxh6 Rxf7 25. Bf4+ Kg8 26. Bxd6 Qb6 27. Kh1
Ne4 28. Bg3 Ng5 29. c3 b4 30. h4 Ne4 31. Qf3 Nxg3+ 32. Qxg3 bxc3 33. bxc3 Rc7
34. Rfe1 Rc8 35. Rd6 Qb7+ 36. Qg2 Qf7 37. Ree6 Bxc3 38. f6 Bd4 39. Rxd4 Rc1+
40. Kh2 Qc7+ 41. Red6 1-0

[Event "XXXI Festival Conca della Presolana A"]
[Site "Bratto - Castione della Presolana ITA"]
[Date "2011.08.25"]
[Round "6"]
[White "Bianchi, Andrea"]
[Black "Codenotti, Marco"]
[Result "0-1"]
[WhiteElo "2142"]
[BlackElo "2323"]
[PlyCount "106"]
[EventDate "2011.08.20"]

1. e4 c5 2. Nf3 d6 3. d4 cxd4 4. Qxd4 a6 5. c4 Nc6 6. Qd2 g6 7. Nc3 Bg7 8. b3
Nf6 9. Bb2 O-O 10. Be2 Qa5 11. Rb1 Bg4 12. O-O b5 13. cxb5 axb5 14. Bxb5 Nxe4
15. Nxe4 Qxb5 16. Bxg7 Kxg7 17. Nd4 Nxd4 18. Qxd4+ Qe5 19. Qxe5+ dxe5 20. a4
Bf5 21. Rbe1 Rfc8 22. Re3 f6 23. Ng3 Bc2 24. Rc1 e4 25. f3 f5 26. Ne2 Kf6 27.
fxe4 Bxe4 28. Rxc8 Rxc8 29. Nc3 Ba8 30. b4 e5 31. b5 f4 32. Ne4+ Kg7 33. Rc3
Rd8 34. Rc4 Rd1+ 35. Kf2 Rb1 36. h4 Kh6 37. Nf6 Rb2+ 38. Ke1 Rxg2 39. Rc8 Bf3
40. Rc7 g5 41. hxg5+ Kxg5 42. Nxh7+ Kf5 43. a5 Re2+ 44. Kf1 Ra2 45. a6 Be2+ 46.
Ke1 Bxb5 47. a7 Bd3 48. Rf7+ Kg6 49. Rd7 e4 50. Nf8+ Kf6 51. Rb7 f3 52. Nd7+
Kg5 53. Rb2 Rxb2 0-1

[Event "XXXI Festival Conca della Presolana A"]
[Site "Bratto - Castione della Presolana ITA"]
[Date "2011.08.25"]
[Round "6"]
[White "Bonade', Massimo"]
[Black "Dritsakos, Alessio"]
[Result "1-0"]
[WhiteElo "2079"]
[BlackElo "2004"]
[PlyCount "72"]
[EventDate "2011.08.20"]

1. d4 d5 2. c4 c6 3. Nf3 Nf6 4. Nc3 e6 5. Bg5 h6 6. Bh4 dxc4 7. e4 g5 8. Bg3 b5
9. Be2 b4 10. Na4 Nxe4 11. Be5 Rg8 12. Bxc4 Ba6 13. Bxa6 Nxa6 14. Qe2 Qa5 15.
Qxe4 Qxa4 16. O-O f5 17. Qe2 Qb5 18. Qd1 Be7 19. Nd2 g4 20. Qc2 Kf7 21. Rac1
Rac8 22. Nc4 Rgd8 23. Rfd1 Nc7 24. Qd2 Bg5 25. Bf4 Bxf4 26. Qxf4 Kg7 27. Nd6
Qd5 28. Nxc8 Rxc8 29. Rc5 Qd7 30. Qe5+ Kf7 31. Qe3 Kg6 32. Re1 Rd8 33. Qc1 Nb5
34. Rxc6 Nxd4 35. Rc7 Ne2+ 36. Rxe2 Qxc7 1-0

[Event "XXXI Festival Conca della Presolana A"]
[Site "Bratto - Castione della Presolana ITA"]
[Date "2011.08.25"]
[Round "6"]
[White "Bresciani, Nicola"]
[Black "Marguerettaz, Davy"]
[Result "0-1"]
[WhiteElo "2287"]
[BlackElo "2160"]
[PlyCount "106"]
[EventDate "2011.08.20"]

1. e4 e5 2. Nf3 Nc6 3. Bb5 a6 4. Ba4 Nf6 5. O-O Be7 6. Re1 b5 7. Bb3 d6 8. c3
O-O 9. h3 Na5 10. Bc2 d5 11. d4 Nxe4 12. dxe5 Bb7 13. Qe2 c5 14. Nbd2 f5 15.
exf6 Bxf6 16. Nxe4 dxe4 17. Bxe4 Re8 18. Qc2 Bxe4 19. Rxe4 Rxe4 20. Qxe4 Qd1+
21. Qe1 Qxe1+ 22. Nxe1 Nc4 23. Kf1 b4 24. cxb4 cxb4 25. Rb1 Rd8 26. b3 Nd2+ 27.
Bxd2 Rxd2 28. Rc1 Rxa2 29. Rc8+ Kf7 30. Nd3 a5 31. Ra8 Bc3 32. Nc5 Bd4 33. Na4
Rxf2+ 34. Ke1 Rxg2 35. Rxa5 Rg3 36. Rd5 Bf6 37. Nc5 Rxh3 38. Ke2 Rc3 39. Nd3
Rxb3 40. Rb5 Bc3 41. Ke3 h6 42. Ke4 Rb1 43. Rb7+ Kg6 44. Nf4+ Kh7 45. Nd5 Re1+
46. Kd3 Re5 47. Nf6+ Kg6 48. Ng4 Re6 49. Nf2 h5 50. Ne4 h4 51. Ke3 h3 52. Kf3
Rxe4 53. Kxe4 h2 0-1

[Event "XXXI Festival Conca della Presolana A"]
[Site "Bratto - Castione della Presolana ITA"]
[Date "2011.08.25"]
[Round "6"]
[White "De La Villa Garcia, Jesus Maria"]
[Black "Sveshnikov, Vladimir"]
[Result "1/2-1/2"]
[WhiteElo "2490"]
[BlackElo "2407"]
[PlyCount "59"]
[EventDate "2011.08.20"]

1. c4 e6 2. d4 d5 3. g3 Nf6 4. Bg2 dxc4 5. Nf3 c5 6. O-O Nc6 7. Qa4 Bd7 8. dxc5
Na5 9. Qc2 Bxc5 10. Ne5 Qc7 11. Bf4 Bd6 12. Nxd7 Nxd7 13. Bxd6 Qxd6 14. Rd1 Qb4
15. Nd2 Rd8 16. b3 cxb3 17. Nxb3 Nxb3 18. Qxb3 Qxb3 19. axb3 Nc5 20. Rxd8+ Kxd8
21. Ra5 Nxb3 22. Rb5 Nd4 23. Rxb7 Rf8 24. e3 Ne2+ 25. Kf1 Nc3 26. Rxa7 Nb5 27.
Rb7 Nd6 28. Ra7 Nb5 29. Rb7 Nd6 30. Ra7 1/2-1/2

[Event "XXXI Festival Conca della Presolana A"]
[Site "Bratto - Castione della Presolana ITA"]
[Date "2011.08.25"]
[Round "6"]
[White "Efroimski, Marsel"]
[Black "Formento, Paolo"]
[Result "1-0"]
[WhiteElo "2235"]
[BlackElo "2024"]
[PlyCount "73"]
[EventDate "2011.08.20"]

1. e4 e6 2. d4 d5 3. Nd2 Nf6 4. e5 Nfd7 5. Ngf3 c5 6. Bd3 Nc6 7. O-O Be7 8. Re1
g5 9. h3 c4 10. Bf1 Nf8 11. c3 h5 12. Nh2 Ng6 13. Ndf3 Kd7 14. Be3 Kc7 15. Qd2
g4 16. hxg4 hxg4 17. Nxg4 Rh5 18. g3 Qh8 19. Bg2 Bd7 20. Bg5 Rxg5 21. Nxg5 Qh5
22. Nf6 Bxf6 23. exf6 Rh8 24. Nxf7 Qh2+ 25. Kf1 Rf8 26. Qg5 Qh7 27. Ne5 Ngxe5
28. dxe5 Rg8 29. Qe3 Be8 30. Qc5 Bg6 31. Qd6+ Kb6 32. Qxe6 Bf5 33. Qxd5 Bd3+
34. Kg1 Rd8 35. Qf3 Rh8 36. Qe3+ Ka6 37. f4 1-0

[Event "XXXI Festival Conca della Presolana A"]
[Site "Bratto - Castione della Presolana ITA"]
[Date "2011.08.25"]
[Round "6"]
[White "Getz, Nicolai"]
[Black "De Santis, Alessio"]
[Result "1/2-1/2"]
[WhiteElo "2385"]
[BlackElo "2305"]
[PlyCount "77"]
[EventDate "2011.08.20"]

1. Nf3 Nf6 2. g3 c5 3. Bg2 Nc6 4. O-O e5 5. c4 d6 6. Nc3 Be7 7. d3 O-O 8. a3
Bd7 9. Rb1 a5 10. Ne1 Qc8 11. Nd5 Nxd5 12. cxd5 Nd4 13. e3 Nb5 14. f4 exf4 15.
gxf4 f5 16. a4 Nc7 17. b3 Bf6 18. Nc2 b5 19. Na3 Rb8 20. Bd2 Qa6 21. axb5 Bxb5
22. Nxb5 Rxb5 23. Qc2 Rfb8 24. e4 fxe4 25. dxe4 Qb6 26. Qc4 Bd4+ 27. Kh1 Ne8
28. e5 Rxb3 29. Bxa5 Qb5 30. Qxb3 Qxb3 31. Rxb3 Rxb3 32. exd6 Rb7 33. Bc7 Nxc7
34. dxc7 Rxc7 35. Bh3 Ra7 36. d6 Ra1 37. d7 Rxf1+ 38. Bxf1 Bf6 39. Kg2 1/2-1/2

[Event "XXXI Festival Conca della Presolana A"]
[Site "Bratto - Castione della Presolana ITA"]
[Date "2011.08.25"]
[Round "6"]
[White "Gonella, Daniele"]
[Black "Gasperoni, Stefano"]
[Result "1/2-1/2"]
[WhiteElo "2067"]
[BlackElo "2001"]
[PlyCount "109"]
[EventDate "2011.08.20"]

1. e4 e5 2. Nf3 Nc6 3. Bb5 a6 4. Bxc6 dxc6 5. O-O f6 6. d4 Bg4 7. dxe5 Qxd1 8.
Rxd1 fxe5 9. h3 Bxf3 10. gxf3 Bd6 11. f4 exf4 12. e5 Bxe5 13. Na3 Bd6 14. Nc4
O-O-O 15. Nxd6+ cxd6 16. Bxf4 d5 17. Re1 Nf6 18. Bg5 Rde8 19. Bxf6 gxf6 20. Kg2
Kd7 21. Kf3 Re5 22. Rg1 Rf5+ 23. Kg3 Rg8+ 24. Kh4 Rfg5 25. Rg4 R8g6 26. f4
Rxg4+ 27. hxg4 Rg7 28. Rh1 c5 29. f5 d4 30. Kg3 Kd6 31. Kf4 b5 32. Rh6 Ke7 33.
Rh3 Kd6 34. Ra3 Ra7 35. Rh3 Kd5 36. Rh2 c4 37. Re2 d3 38. cxd3 cxd3 39. Re8 Rd7
40. Ke3 Kc4 41. Rc8+ Kb4 42. Kd2 Rd4 43. Rg8 Kc4 44. Rc8+ Kb4 45. Rg8 Kc4 46.
b3+ Kb4 47. Rg7 Ka3 48. Rxh7 Kxa2 49. Kc3 Rxg4 50. Ra7 b4+ 51. Kxd3 Kxb3 52.
Rxa6 Rf4 53. Rxf6 Kb2 54. Ke3 Rf1 55. Ke4 1/2-1/2

[Event "XXXI Festival Conca della Presolana A"]
[Site "Bratto - Castione della Presolana ITA"]
[Date "2011.08.25"]
[Round "6"]
[White "Krzyzanowski, Marcin"]
[Black "Guerra, Alessandro"]
[Result "1/2-1/2"]
[WhiteElo "2370"]
[BlackElo "2204"]
[PlyCount "118"]
[EventDate "2011.08.20"]

1. e4 e5 2. Nf3 Nc6 3. Bb5 Nf6 4. O-O Nxe4 5. d4 Nd6 6. Bxc6 dxc6 7. dxe5 Nf5
8. Qxd8+ Kxd8 9. Nc3 Ke8 10. h3 h6 11. b3 Bd7 12. Bb2 Rd8 13. Ne2 c5 14. Rad1
Bc6 15. Rxd8+ Kxd8 16. Ne1 h5 17. Nd3 Be7 18. e6 fxe6 19. Nef4 Rh6 20. Ne5 Be8
21. g4 Nd4 22. Rd1 Kc8 23. Bxd4 cxd4 24. Rxd4 g5 25. Nxh5 Bxh5 26. gxh5 Rxh5
27. Kg2 Bf6 28. Re4 Kd8 29. Nd3 Ke7 30. f4 gxf4 31. Rxe6+ Kxe6 32. Nxf4+ Ke5
33. Nxh5 Bh4 34. Kf3 Kd4 35. Kg4 Be1 36. Ng3 Kc3 37. h4 Kxc2 38. h5 Bd2 39. Ne4
Bh6 40. Kf5 Kb1 41. Kg6 Bc1 42. Ng5 Kxa2 43. h6 Kxb3 44. h7 Bb2 45. Ne6 Bh8 46.
Kf7 a5 47. Kg8 Bc3 48. Ng7 a4 49. h8=Q a3 50. Qh1 a2 51. Qxb7+ Kc2 52. Qe4+ Kb2
53. Qg2+ Kb1 54. Qf1+ Kc2 55. Qg2+ Kb3 56. Nf5 a1=Q 57. Ng3 Qb2 58. Qe4 Ka3 59.
Qa8+ Kb3 1/2-1/2

[Event "XXXI Festival Conca della Presolana A"]
[Site "Bratto - Castione della Presolana ITA"]
[Date "2011.08.25"]
[Round "6"]
[White "Horvath, Csaba"]
[Black "Vishnu, Prasanna V."]
[Result "1/2-1/2"]
[WhiteElo "2517"]
[BlackElo "2340"]
[PlyCount "49"]
[EventDate "2011.08.20"]

1. c4 Nf6 2. Nc3 g6 3. e4 d6 4. d4 Bg7 5. Be2 O-O 6. Bg5 h6 7. Be3 c5 8. dxc5
Qa5 9. Bd2 Qxc5 10. Nf3 Bg4 11. Be3 Qa5 12. Nd2 Bxe2 13. Qxe2 Nc6 14. O-O Rfc8
15. Rfc1 Qh5 16. f3 Nd7 17. Rab1 a5 18. Na4 Be5 19. Nf1 g5 20. Rd1 Qg6 21. Ng3
e6 22. c5 d5 23. exd5 exd5 24. Bf2 Re8 25. Qd3 1/2-1/2

[Event "XXXI Festival Conca della Presolana A"]
[Site "Bratto - Castione della Presolana ITA"]
[Date "2011.08.25"]
[Round "6"]
[White "Horvath, Jozsef"]
[Black "Genocchio, Daniele"]
[Result "1/2-1/2"]
[WhiteElo "2535"]
[BlackElo "2446"]
[PlyCount "44"]
[EventDate "2011.08.20"]

1. d4 f5 2. g3 Nf6 3. Bg2 d6 4. Nf3 g6 5. O-O Bg7 6. b3 O-O 7. Bb2 e6 8. c4 Qe8
9. Nc3 Nc6 10. d5 exd5 11. cxd5 Ne5 12. Nd4 g5 13. e3 f4 14. exf4 gxf4 15. gxf4
Nfg4 16. Nce2 Nxh2 17. fxe5 Bxe5 18. f4 Nxf1 19. Qxf1 Bg4 20. Re1 Qg6 21. Bc1
Rae8 22. Nf3 Bg7 1/2-1/2

[Event "XXXI Festival Conca della Presolana A"]
[Site "Bratto - Castione della Presolana ITA"]
[Date "2011.08.25"]
[Round "6"]
[White "Iasman, Inna"]
[Black "Finocchiaro, Gianluca"]
[Result "1/2-1/2"]
[WhiteElo "2014"]
[BlackElo "2115"]
[PlyCount "50"]
[EventDate "2011.08.20"]

1. d4 Nf6 2. c4 c5 3. d5 b5 4. cxb5 a6 5. e3 axb5 6. Bxb5 Qa5+ 7. Nc3 Ne4 8.
Nge2 g6 9. O-O Nxc3 10. Nxc3 Bg7 11. Qe2 O-O 12. Bd2 Ba6 13. a4 d6 14. h3 Nd7
15. Ne4 Bxb5 16. Qxb5 Qxb5 17. axb5 Bxb2 18. Ra6 Rab8 19. Ra7 Nf6 20. Nxf6+
Bxf6 21. Rb1 c4 22. Ra3 Ra8 23. Rxa8 Rxa8 24. Rc1 Rb8 25. Rxc4 Rxb5 1/2-1/2

[Event "XXXI Festival Conca della Presolana A"]
[Site "Bratto - Castione della Presolana ITA"]
[Date "2011.08.25"]
[Round "6"]
[White "Janczarski, Michal"]
[Black "Cebalo, Miso"]
[Result "0-1"]
[WhiteElo "2316"]
[BlackElo "2484"]
[PlyCount "66"]
[EventDate "2011.08.20"]

1. Nf3 c5 2. c4 Nc6 3. Nc3 g6 4. g3 Bg7 5. Bg2 d6 6. d3 e5 7. O-O Nge7 8. a3
O-O 9. Rb1 a5 10. Ne1 Be6 11. Nc2 d5 12. cxd5 Nxd5 13. Ne3 Nde7 14. f4 exf4 15.
gxf4 Rc8 16. Bd2 b6 17. Nc4 Nf5 18. Nb5 Ncd4 19. Nxd4 Qxd4+ 20. Kh1 Bxc4 21.
Bc3 Qd8 22. Bxg7 Kxg7 23. dxc4 Ne3 24. Qxd8 Rcxd8 25. Rf3 Nxc4 26. Rc3 Nxb2 27.
Rxb2 Rd1+ 28. Bf1 Rxf1+ 29. Kg2 Rxf4 30. Rxb6 Re8 31. e3 Rf5 32. Ra6 Re4 33. h3
a4 0-1

[Event "XXXI Festival Conca della Presolana A"]
[Site "Bratto - Castione della Presolana ITA"]
[Date "2011.08.25"]
[Round "6"]
[White "Mikalsen, Erlend"]
[Black "O'Leary, Matt"]
[Result "1-0"]
[WhiteElo "2037"]
[BlackElo "1953"]
[PlyCount "53"]
[EventDate "2011.08.20"]

1. e4 c5 2. Nf3 Nc6 3. d4 cxd4 4. Nxd4 g6 5. c4 Bg7 6. Be3 d6 7. Nc3 Nf6 8. Be2
O-O 9. O-O Bd7 10. Qd2 Ng4 11. Bxg4 Nxd4 12. Bxd7 e5 13. Ba4 f5 14. f3 f4 15.
Bf2 Qg5 16. Kh1 Qh5 17. Bg1 g5 18. Nb5 Rf6 19. Nxd4 exd4 20. Qxd4 Rh6 21. Qd5+
Kh8 22. Bd7 Rf8 23. h3 Qg6 24. Bd4 Qf7 25. Qxf7 Rxf7 26. Bxg7+ Kxg7 27. Bf5 1-0

[Event "XXXI Festival Conca della Presolana A"]
[Site "Bratto - Castione della Presolana ITA"]
[Date "2011.08.25"]
[Round "6"]
[White "Montani, Francesco"]
[Black "Smith, Bryan G."]
[Result "1/2-1/2"]
[WhiteElo "2218"]
[BlackElo "2503"]
[PlyCount "109"]
[EventDate "2011.08.20"]

1. Nf3 g6 2. d4 Nf6 3. Bf4 Bg7 4. e3 O-O 5. Be2 c5 6. c3 d6 7. O-O Nh5 8. Bg5
h6 9. Bh4 g5 10. Nfd2 gxh4 11. Bxh5 cxd4 12. cxd4 e5 13. d5 f5 14. e4 Qg5 15.
Nc3 Na6 16. exf5 Bxf5 17. Nde4 Qe7 18. Re1 Nc7 19. Rc1 Kh8 20. h3 Bh7 21. Qb3
b5 22. Bf3 Rab8 23. Qb4 Rb6 24. a4 Na6 25. Qa5 b4 26. Nb5 Bxe4 27. Bxe4 Nc5 28.
Qxa7 Rb7 29. Qa5 Nb3 30. Qxb4 Nxc1 31. Rxc1 Qg5 32. Qc3 Rbf7 33. Rf1 Rf4 34. f3
Qd8 35. a5 Qb8 36. Qd3 R4f7 37. Qe2 Rb7 38. Bd3 Rxb5 39. Bxb5 Qa7+ 40. Kh1 Qxa5
41. Bc4 Rf4 42. b3 Rd4 43. f4 e4 44. f5 Qd8 45. Qh5 Qf6 46. Qe8+ Kh7 47. Qe6
Bh8 48. Ra1 Bg7 49. Kg1 Rd2 50. Re1 Qd4+ 51. Kh2 Rd1 52. Qg6+ Kh8 53. Qe8+ Kh7
54. Qg6+ Kh8 55. Qe8+ 1/2-1/2

[Event "XXXI Festival Conca della Presolana A"]
[Site "Bratto - Castione della Presolana ITA"]
[Date "2011.08.25"]
[Round "6"]
[White "Narayanan, Srinath"]
[Black "Reinaldo Castineira, Roi"]
[Result "1-0"]
[WhiteElo "2371"]
[BlackElo "2492"]
[PlyCount "81"]
[EventDate "2011.08.20"]

1. e4 e6 2. d4 d5 3. Nd2 Nf6 4. e5 Nfd7 5. Bd3 c5 6. c3 Nc6 7. Ngf3 g6 8. h4 h6
9. Bc2 b5 10. O-O Ba6 11. Re1 b4 12. c4 dxc4 13. d5 exd5 14. e6 Nb6 15. Ba4
Nxa4 16. Qxa4 Bb7 17. Ne5 fxe6 18. Nxc6 Qd7 19. Qc2 Bxc6 20. Qxg6+ Kd8 21. Qf6+
Kc7 22. Qxh8 Bg7 23. Qh7 Bxb2 24. Qxd7+ Bxd7 25. Bxb2 c3 26. Bc1 cxd2 27. Bxd2
h5 28. Rac1 Kb6 29. f4 d4 30. Re5 Rc8 31. f5 exf5 32. Rd5 Be6 33. Rd6+ Rc6 34.
Rxc6+ Kxc6 35. Bxb4 c4 36. Rd1 Kb5 37. Be1 c3 38. Rxd4 c2 39. Bd2 Bxa2 40. Rb4+
Kc5 41. Ra4 1-0

[Event "XXXI Festival Conca della Presolana A"]
[Site "Bratto - Castione della Presolana ITA"]
[Date "2011.08.25"]
[Round "6"]
[White "Negro, Roberto"]
[Black "Brun, Dario"]
[Result "1/2-1/2"]
[WhiteElo "2170"]
[BlackElo "2265"]
[PlyCount "22"]
[EventDate "2011.08.20"]

1. d4 d5 2. c4 c6 3. Nf3 Nf6 4. Qc2 dxc4 5. Qxc4 Bf5 6. g3 e6 7. Bg2 Be7 8. O-O
O-O 9. e3 Nbd7 10. Qe2 Qc7 11. Nc3 Ne4 1/2-1/2

[Event "XXXI Festival Conca della Presolana A"]
[Site "Bratto - Castione della Presolana ITA"]
[Date "2011.08.25"]
[Round "6"]
[White "Nepi, Ezio"]
[Black "Sala, Giovanni"]
[Result "0-1"]
[WhiteElo "1930"]
[BlackElo "1967"]
[PlyCount "62"]
[EventDate "2011.08.20"]

1. d4 f5 2. Nc3 d5 3. Bg5 Nf6 4. Bxf6 exf6 5. e3 c6 6. Bd3 Na6 7. a3 Nc7 8. Qf3
g6 9. Nge2 Ne6 10. h4 Bd6 11. g3 Qe7 12. Nf4 Nxd4 13. Qg2 Bd7 14. O-O-O Ne6 15.
Rhe1 O-O-O 16. Nfxd5 cxd5 17. Nxd5 Qf8 18. Ba6 Nc5 19. Bxb7+ Nxb7 20. Rd3 Kb8
21. Nb4 Bxb4 22. axb4 Qxb4 23. Red1 Be6 24. Qc6 Rxd3 25. Rxd3 Qb6 26. Qa4 Rd8
27. Ra3 Nd6 28. Rc3 Qb5 29. Qf4 Qf1+ 30. Kd2 Ka8 31. Qf3+ Ne4# 0-1

[Event "XXXI Festival Conca della Presolana A"]
[Site "Bratto - Castione della Presolana ITA"]
[Date "2011.08.25"]
[Round "6"]
[White "Osuna Munoz, Xavier"]
[Black "De Florio, Federico"]
[Result "0-1"]
[WhiteElo "2104"]
[BlackElo "2176"]
[PlyCount "48"]
[EventDate "2011.08.20"]

1. e4 c6 2. d3 d5 3. Nd2 dxe4 4. dxe4 g6 5. Bc4 Bg7 6. Ngf3 Nf6 7. a4 a5 8. Qe2
O-O 9. O-O Qc7 10. Re1 Nh5 11. Nf1 Nf4 12. Qe3 Ne6 13. Ng3 Na6 14. c3 Nac5 15.
h4 b6 16. h5 Ba6 17. Ba2 Rad8 18. Bb1 Nd3 19. Rf1 Nef4 20. Bxd3 Nxd3 21. Nd4 e5
22. Ndf5 gxf5 23. Nxf5 Nf4 24. Re1 Rd3 0-1